New types of actuators based on elastomers and modiefied carbon nanotubes dissertation thesis

Gespeichert in:
Bibliographische Detailangaben
1. Verfasser: Czaniková, Klaudia
Format: Buch
Sprache:Englisch
Veröffentlicht: Bratislava FCHPT STU 2013
Online-Zugang:Im OPAC anzeigen
Tags: Tag hinzufügen
Keine Tags, Fügen Sie das erste Tag hinzu!

MARC

LEADER 00000nam a2200000 a 4500
005 20260127134136.0
008 150216 2013 000 0 eng d
035 |a vtls010654732 
039 9 |y 201502161156  |z mschk03 
040 |a STUSCHK1  |b slo  |c STUSCHK1  |e AACR2 
100 1 |a Czaniková, Klaudia 
245 1 |a New types of actuators based on elastomers and modiefied carbon nanotubes  |b dissertation thesis  |c Klaudia Czaniková 
260 |a Bratislava  |b FCHPT STU  |c 2013 
300 |a 79 s.  |b il.  |c 30 cm 
500 |a Study programme and study field: macromolecular chemistry 
500 |a Training workplace: Polymer institute SAV 
910 |a SCHK95 
999 |c 5062  |d 5062